00686nam a2200229Ia 450000500170000000800410001702000180005804100080007604300070008408200100009110000280010124500660012925000100019526000110020526000920021630000080030850000370031665000230035365000220037665000470039801000110044520250425162750.0250425s9999 xx 000 0 und d a9789978143711 aspa aec a577.5 aROLDAN MAONSALVE, DIEGO 0aEL PÀ€RAMO DEL CAJA: UNA INVALUABLE FUENTE DE AGUA EN RIESGO a1A ED aCUENCA aEcuadorbFACULTAD DE CIENCIAS ECONOMICAS Y ADMINISTRATIVAS UNIVERSIDAD DE CUENCAc2017 a278 aDONADO POR UNIVERSIDAD DE CUENCA aECONOMIA ECOLOGICA aRECURSOS HIDRICOS aVALORACION ECONOMICA DE RECURSOS NATURALES a106845